书目信息 |
| 题名: |
管理学原理
|
|
| 作者: | 周三多 主编 | |
| 分册: | ||
| 出版信息: | 上海 复旦大学出版社 1919.05 |
|
| 页数: | 691页 | |
| 开本: | 16开 | |
| 丛书名: | ||
| 单 册: | ||
| 中图分类: | C93 | |
| 科图分类: | ||
| 主题词: | 管理学 | |
| 电子资源: | ||
| ISBN: | 7-309-02278-5 | |
| 000 | 00548nam0 2200205 450 | |
| 001 | 0831090994 | |
| 005 | 20191021083619.87 | |
| 010 | @a7-309-02278-5@b平装@dCNY28.00 | |
| 100 | @a20080318d1919 km y0chiy0120 ea | |
| 101 | 0 | @a中 |
| 200 | 1 | @a管理学原理@Aguan li xue yuan li@f周三多主编@Fzhou san duo zhu bian |
| 205 | @a1 | |
| 210 | @a上海@c复旦大学出版社@d1919.05 | |
| 215 | @a691页@d16开 | |
| 606 | 0 | @a管理学 |
| 690 | @aC93@v4 | |
| 701 | 0 | @a周三多@Azhou san duo@4主编 |
| 801 | 0 | @aCN@c20091228 |
| 905 | @dC93@eZ7905 | |
| 906 | @dCNY30.00@n3@r1 | |
| 管理学原理/周三多主编.-1.-上海:复旦大学出版社,1919.05 |
| 691页;16开 |
| ISBN 7-309-02278-5(平装):CNY28.00 |
| ● |
| 相关链接 |
|
|
|
正题名:管理学原理
索取号:C93/Z7905
 
预约/预借
| 序号 | 登录号 | 条形码 | 馆藏地/架位号 | 状态 | 备注 |
| 1 | 1245589 | 212455895 | 社科库509/509社科库 64排1列5层/ [索取号:C93/Z7905] | 在馆 | |
| 2 | 459773 | 204597739 | 社科库509/509社科库 64排1列5层/ [索取号:C93/Z7905] | 在馆 | |
| 3 | 488698 | 204886980 | 社科库509/ [索取号:C93/Z7905] | 在馆 |